HG Construction Ltd v Ashwell Homes (East Anglia) Ltd (Record no. 78475)
[ view plain ]
| 000 -LEADER | |
|---|---|
| fixed length control field | 01750cab a2200205 4500 |
| 001 - CONTROL NUMBER | |
| control field | L136859 |
| 008 - FIXED-LENGTH DATA ELEMENTS--GENERAL INFORMATION | |
| fixed length control field | 070227n2007 000 0 eng u |
| 035 ## - SYSTEM CONTROL NUMBER | |
| System control number | (Sirsi) u136859 |
| 041 0# - LANGUAGE CODE | |
| Language code of text/sound track or separate title | eng |
| 245 ## - TITLE STATEMENT | |
| Title | HG Construction Ltd v Ashwell Homes (East Anglia) Ltd |
| Medium | [electronic resource] |
| 260 ## - PUBLICATION, DISTRIBUTION, ETC. | |
| Date of publication, distribution, etc. | 2007 |
| 520 ## - SUMMARY, ETC. | |
| Summary, etc. | [2007] EWHC 144 (TCC), 1 February 2007. A dispute arose between the applicant contractor (H) and the respondent employer (A) regarding the validity and/or enforceability of the provisions in a contract as to liquidated and ascertained damages. The dispute was taken to four adjudications. The first adjudicator concluded that the provisions were valid and enforceable. Following a second invalid adjudication, H initiated a third adjudication to seek repayment of monies deducted as liquidated damages. The adjudicator found that H should be refunded. A submitted that it had not been up to the third adjudicator to decide that the contract provisions for deducting liquidated damages were not enforceable. H applied for summary judgment to enforce adjudication decision three. "Held": the basic argument raised in the third adjudication was substantially the same as that decided in the first adjudication, and therefore adjudication three was not binding. |
| 590 ## - LOCAL NOTE (RLIN) | |
| Local note | KA |
| 650 24 - SUBJECT ADDED ENTRY--TOPICAL TERM | |
| Topical term or geographic name entry element | HG CONSTRUCTION LTD V ASHWELL HOMES (EAST ANGLIA) LTD |
| 650 24 - SUBJECT ADDED ENTRY--TOPICAL TERM | |
| Topical term or geographic name entry element | QUIETFIELD LTD V VASCROFT CONTRACTORS LTD |
| 651 #4 - SUBJECT ADDED ENTRY--GEOGRAPHIC NAME | |
| Geographic name | England and Wales |
| Chronological subdivision | 1543- |
| 690 ## - LOCAL SUBJECT ADDED ENTRY--TOPICAL TERM (OCLC, RLIN) | |
| Topical term or geographic name as entry element | MANAGEMENT-DISPUTE AVOIDANCE, MANAGEMENT AND RESOLUTION-DISPUTE MANAGEMENT AND RESOLUTION-ALTERNATIVE DISPUTE RESOLUTION-ADJUDICATION |
| 856 48 - ELECTRONIC LOCATION AND ACCESS | |
| Uniform Resource Identifier | <a href="https://www.bailii.org/ew/cases/EWHC/TCC/2007/144.html">https://www.bailii.org/ew/cases/EWHC/TCC/2007/144.html</a> |
| Public note | View the judgment free of charge at www.bailii.org... |
| 942 ## - ADDED ENTRY ELEMENTS (KOHA) | |
| Suppress in OPAC | 0 |
| Withdrawn status | Lost status | Source of classification or shelving scheme | Damaged status | Not for loan | Home library | Current library | Shelving location | Date acquired | Total Checkouts | Full call number | Barcode | Date last seen | Copy number | Price effective from | Koha item type |
|---|---|---|---|---|---|---|---|---|---|---|---|---|---|---|---|
| Dewey Decimal Classification | Virtual | Virtual | Online | 27/02/2007 | ONLINE PUBLICATION | 136859-2001 | 06/08/2019 | 1 | 06/08/2019 | Law report |